000 01012nam a2200349 a 4500
001 43954
003 AR-BaAGN
005 20231116145733.0
007 ta
008 220625s1998 ag |||||r|||| ||||||spa d
020 _a987-9192-19-2
040 _dAR-BaAGN
_aAR-BaAGN
_bspa
_eaacr
100 1 _aHillar, Plinio R.
245 1 0 _aLos abogados y la ética
250 _a1ª ed.
260 _aCórdoba :
_bDel Copista,
_cc1998.
300 _a188 páginas
336 _2rdacontent
_btxt
337 _2rdamedia
_bn
338 _2rdacarrier
_bnc
490 0 _aFilosofía y Derecho. Biblioteca Jurídica
610 1 4 _aCOLEGIO de ABOGADOS de CORDOBATRIBUNAL ARBITRAL de LA PROVINCIA de CORDOBA
610 1 4 _aTRIBUNAL de DISCIPLINA de LA PROVINCIA de CORDOBA
650 4 _aFILOSOFÍA DEL DERECHO
_91705
650 4 _aJURISPRUDENCIA
_91340
650 4 _aLEGISLACIÓN
_91533
651 4 _aCórdoba
_93799
651 4 _aArgentina
_93645
942 _cLIBRO
999 _c43954
_d43954